Statistics for Екстремни столици по континенти

Click here to take the quiz!

General Stats

  • This quiz has been taken 40 times
    (38 since last reset)
  • The average score is 9 of 24

Answer Stats

Country% Correct
Рейкявик
93%
Москва
93%
Отава
83%
Валета
77%
Мексико
73%
Токио
70%
Панама
57%
Бразилия
53%
Тунис
47%
Каракас
43%
Кито
33%
Анкара
33%
Астана
27%
Монтевидео
27%
Андора ла Веля
27%
Адис Абеба
23%
Бишкек
20%
Прая
10%
Дили
10%
Масеру
10%
Бриджтаун
7%
Порт Луи
7%
Джуба
7%
Тхимпху
7%

Score Distribution

Percentile by Number Answered

Percent of People with Each Score

Your Score History

You have not taken this quiz since the last reset